000 00519nmm a2200193Ia 4500
008 251105s9999||||xx |||||||||||||||||und||
020 _a9788433915344
041 _aspa
100 _aUdina, Dolors
245 0 _aAlta fidelitat
264 _a[Madrid, España] :
_bEditorial Anagrama,
_c2016
300 _a0 páginas
490 _aLlibres Anagrama
650 _aEnglish Narrative
700 _aUdina, Dolors
700 1 _a Hornby, Nick
856 _uhttps://public.digitaliapublishing.com/a/48991
942 _cCF
999 _c72124
_d72124